Бій під Крутами. (Запис № 17577)
[ простий вигляд ]
| 000 -Маркер запису | |
|---|---|
| Контрольне поле сталої довжини | 01858nam a22002657a 4500 |
| 003 - Належність контрольного номера | |
| Контрольне поле | Uzh_bibl |
| 005 - Дата коректування | |
| Контрольне поле | 20260430113019.0 |
| 008 - Кодовані дані | |
| Контрольне поле сталої довжини | 241118b |||||||| |||| 00| 0 ukr d |
| 020 ## - Індекс ISBN | |
| ISBN | 978-966-03-7218-4 |
| Ціна | 20.00 |
| 040 ## - Джерело каталогіз. | |
| Код мови каталог. | укр. |
| 041 ## - Код мови видання | |
| Код мови оригіналу | українська |
| Код мови тексту | українська |
| 080 ## - Індекс УДК | |
| Індекс УДК | 94(477) |
| 090 ## - Шифри | |
| Поличний індекс | 94(477) |
| Авторський знак | С65 |
| 100 ## - Автор | |
| Автор | Сорока, Юрій |
| 245 ## - Назва | |
| Назва | Бій під Крутами. |
| Фізичний носій | Текст |
| Відповідальність | худож.-оформ.О.Д.Кононученко |
| 260 ## - Вихідні дані | |
| Місце видання | Харків |
| Видавництво | Фоліо |
| Дата видання | 2015 |
| 300 ## - Фізичний опис | |
| Обсяг | 63 с. |
| Тип одиниці | В опр. |
| 520 ## - Анотація | |
| Анотація | 9 січня 1918 року поблизу селища Крути на відстані 130 км від Києва відбувся жорстокий, нерівний бій між чотиритисячним військом більшовиків та трьомастами українськими юнкерами, студентами і гімназистами, що обороняли підступи до Києва. Більшість юнаків не мали ніякої військової підготовки, були погано озброєні, але стояли на смерть, захищаючи свободу молодої Української держави. Українці відбили кілька атак, під час яких зазнали значних втрат. Цей бій набув особливого значення у свідомості багатьох завдяки героїзму української молоді. |
| 521 ## - Примітка про цільове призначення | |
| Примітка про цільове призначення | Для широкого кола читачів. |
| 546 ## - Примітка про мову | |
| Примітка про мову | укр. |
| 650 ## - Тематичні рубрики | |
| Основна рубрика | Науково-популярне видання |
| 653 ## - Ключові слова | |
| Ключові слова | Бій |
| -- | Героїзм |
| -- | Українська держава |
| 655 ## - Термін індексування — жанр/форма | |
| Жанр/форма | Історична література. |
| 942 ## - ADDED ENTRY ELEMENTS (KOHA) | |
| Джерело класифікації чи схема поличного розташування | |
| Koha item type | Книги |
| Статус вилучення | Статус втрати/відсутності | Джерело класифікації чи схема поличного розташування | Статус пошкодження | Тип обігу (не для випозичання) | Постійне розташування | Поточне розташування | Розташування у відділі | Дата надходження | Інвентарний номер | Total Checkouts | Повний (примірниковий) шифр зберігання | Штрих-код | Date last seen | Дата, для якої чинна ціна заміни | Тип одиниці (рівень примірника) |
|---|---|---|---|---|---|---|---|---|---|---|---|---|---|---|---|
| Публічна бібліотека | Публічна бібліотека | Абонемент | 30/04/2026 | 74242 | 94(477) | 19348 | 30/04/2026 | 30/04/2026 | Книги |